| 000 | 01305cam a22003497a 4500 | ||
|---|---|---|---|
| 003 | CHAP | ||
| 005 | 20240219115408.0 | ||
| 008 | 030325d2003 mx r 00110 spa d | ||
| 010 | _a87039 | ||
| 011 | _a88011 | ||
| 035 | _a98556 | ||
| 040 | _cCHAP | ||
| 090 | _aTesis | ||
| 100 | 1 | 0 |
_aVázquez Hernández, Marcos Ventura _9118223 |
| 245 | 1 | 0 |
_aRespuestas fisiológicas de Pitahaya (Hylocereus undatus) frigoconservadas en atmosferas controladas _c/por Marcos Ventura Vázquez Hernández |
| 260 |
_aChapingo, Méx. : _bEl autor, _c2003. |
||
| 300 |
_a94 h. ; _bgráfs. ; cuadros |
||
| 502 | _aTesis (Ing. Agroindustrial) -- UACH. Departartamento de Ingeniería Agroindustrial | ||
| 590 |
_aALEPH _b10 _c20130110 _lUCH01 _h1452 |
||
| 590 |
_aBATCH-UPD _b10 _c20130110 _lUCH01 _h0420 |
||
| 590 |
_aBATCH-UPD _b10 _c20130410 _lUCH01 _h0055 |
||
| 590 |
_aBATCH-UPD _b10 _c20130914 _lUCH01 _h0242 |
||
| 590 |
_aCONVERSION _b10 _c20130109 _lUCH01 _h1348 |
||
| 650 | 1 | 4 |
_aAlmacenamiento en atmósfera controlada. _94461 |
| 650 | 1 | 4 |
_aFruta _xConservación por frío. _943603 |
| 650 | 1 | 4 |
_aStenocereus. _9109642 |
| 901 | _aBK | ||
| 905 | _aMayto Villalobos S. | ||
| 942 | _cFOLL | ||
| 949 |
_aTesis _bBC _cTES _d33724000887253 _eTS2 _fc.2 _h40725 _i98556 _si |
||
| 949 |
_aTesis _bBC _cTES _d98556123 _eTS1 _h40724 _i98556 _sb |
||
| 999 |
_c87039 _d87039 |
||